Amerikan tarihinin ana hatları (Record no. 4055)

MARC details
000 -BAŞLIK
Sabit Uzunlukta Kontrol Alanı 00668na a2200217 4500
001 - KONTROL NUMARASI
Denetim Alanı 16816
003 - KONTROL NUMARASI IDENTIFIER
Denetim Alanı MIRAKIL
005 - SON İŞLEM TARİHİ VE ZAMANI
Denetim Alanı 20181213154951.0
008 - SABİT-BOY VERİ ELEMANLARI - GENEL BİLGİLER
Sabit Uzunlukta Kontrol Alanı 161014b tu 000 0
035 ## - SİSTEM KONTROL NUMARASI
Sistem Kontrol Numarası 16816
040 ## - KATALOGLAMA KAYNAK
Orijinal Kataloglama Ajansı Milas
Kataloglama Dili tur
Metne Dönüştürmek Ajansı TR-AnCHP
041 ## - DİL KODU
Metin / Ses Parça Veya Ayrı Başlığın Dil Kodu tur
082 ## - DEWEY ONLU SINIFLANDIRMA NUMARASI
Sınıflandırma Numarası 973
Ürün Numarası A53 [t.y.]
090 ## - SINIFLAMA NUMARASI
Sınıflama Numarası 973 A53 [t.y.]
245 ## - BAŞLIK TABLOSU
Başlık Amerikan tarihinin ana hatları
Sorumluluk Tablosu, Vb İktisadi İşbirliği İdaresi Türkiye Özel Misyonu
260 ## - YAYIN, DAĞITIM, VB
Yayın, Dağıtım, Vb Yeri Ankara
Yayıncı, Dağıtıcı, Vs Adı İktisadi İşbirliği İdaresi Türkiye Özel Misyonu
Yayın, Dağıtım, Vb Tarihi [t. y.]
300 ## - FİZİKSEL TANIM
Kapsam 162 s.
Diğer Fiziksel Ayrıntıları res.
Boyutlar 23 sm.
650 ## - KONU KATMA GİRİŞ - TOPİKAL DÖNEM
Topikal Süreli Veya Coğrafi Ad Giriş Elemanı ABD
Genel Alt Bölümü Tarih
710 ## - KATMA GİRİŞ - KURUMSAL ADI
Giriş Elemanı Olarak Kurumsal Ad Veya Yargı Alanı Adı İktisadi İşbirliği İdaresi Türkiye Özel Misyonu
942 ## - EKLENDİ GİRİŞ ELEMANLARI (KOHA)
Sınıflandırma Veya Raf Düzeni Kaynak Dewey Decimal Classification
Koha Öğesi Türü Books
999 ## - SİSTEM KONTROL NUMARALARI (KOHA)
Koha Biblionumber 4055
Koha Biblioitemnumber 4055
Holdings
Kalıcı Konum Mevcut Konum Edinme Tarihi Edinim Kaynak Toplam Check-Out'Lar Tam Çağrı Numarası Barkod Tarih Son Görülme İtibaren Geçerli Fiyatlar Koha Öğesi Türü
CHP Kütüphanesi CHP Kütüphanesi 10/14/2016 Bağış   973 A53 [t.y.] 005739 10/14/2016 10/14/2016 Books